Ball Knowledge #5 - Statistics

General Stats
  • This quiz has been taken 71 times
  • The average score is 10 of 15
Answer Stats
Hint Answer % Correct
What former Patriots Tight End was famous for his murder trial? Aaron Hernandez
97%
Which former Gators Quarterback led the Broncos to a miracle playoff run only to be stopped by Brady and the Patriots? Tim Tebow
92%
Famous " One Handed Snag" against the Cowboys Odell Beckham Jr.
85%
Eagles Legendary Saftey who had the nicknames " Weapon X" and " Wolverine" Brian Dawkins
81%
Eagles Quarterback who was famous for his red beard and playing college at North Dakota St Carson Wentz
80%
Former KC Running Back who had controversy over kicking a woman Kareem Hunt
80%
South Carolina standout Defensive End who went #1 overall in the draft in 2014 Jadeveon Clowney
78%
Steelers All Time great nicknamed " The Bus" Jerome Bettis
75%
Former Seahawks, Lions, and Giants Wide Recevier who made a Pro Bowl in 2014 Golden Tate
68%
Former Tight End for the Saints, Packers, and Bears played basketball along with football at Miami Jimmy Graham
68%
Former Panthers, Redskins, and Bills Cornerback who became popular again after getting tossed by Derrick Henry Josh Norman
64%
Steelers Wide Receiver who was the Super Bowl MVP for Super Bowl XLlll Santonio Holmes
58%
Seahawks Wide Receiver from 2011-2018 who made 2 Pro Bowls during that time Doug Baldwin
56%
Panthers Wide Receiver who was known more for his speed than his catching ability Ted Gin Jr.
36%
Former Pro Bowl Defensive Tackle for the Bucs from 2010-2018 Gerald McCoy
25%
No matching quizzes found
Score Distribution
Percent of People with Each Score
Percentile by Number Answered
Your Score History
You have not taken this quiz